Fr. Conceicao Rodrigues College of Engineering

Albert Einstein:A biography (Record no. 17859)

MARC details
000 -LEADER
fixed length control field 00364nam a2200169Ia 4500
082 ## - DEWEY DECIMAL CLASSIFICATION NUMBER
Item number CAL
100 ## - MAIN ENTRY--PERSONAL NAME
Personal name calaprice/Alice
245 ## - TITLE STATEMENT
Title Albert Einstein:A biography
260 ## - PUBLICATION, DISTRIBUTION, ETC.
Name of publisher, distributor, etc. Jaico Publishing House
Date of publication, distribution, etc. 205
366 ## - TRADE AVAILABILITY INFORMATION
Publishers's discount category 28
300 ## - PHYSICAL DESCRIPTION
Extent 161
546 ## - LANGUAGE NOTE
Language note ENGLISH
-- Computers
650 ## - SUBJECT ADDED ENTRY--TOPICAL TERM
Topical term or geographic name entry element Biography
654 ## - SUBJECT ADDED ENTRY--FACETED TOPICAL TERMS
Focus term albert eistein
942 ## - ADDED ENTRY ELEMENTS (KOHA)
Koha item type BOOK
Holdings
Withdrawn status Lost status Damaged status Not for loan Collection Home library Current library Date acquired Source of acquisition Cost, normal purchase price Inventory number Total Checkouts Full call number Barcode Date last seen Date last checked out Cost, replacement price Price effective from Koha item type
        CRC Fr. Agnel's C.Rodrigues College of Engineering Fr. Agnel's C.Rodrigues- College of Engineering 17/03/2023 Allied Publisher 215.28 1229 dt 22.12.2015 1 CAL 23964 21/06/2025 12/06/2023 299.00   BOOK